1990年時点に存在した都市銀行 - Statistics

General Stats
  • This quiz has been taken 30 times
  • The average score is 9 of 16
Answer Stats
現在の名称 Answer % Correct
三菱東京UFJ銀行 三菱銀行
96%
三井住友銀行 住友銀行
92%
三井住友銀行 三井銀行
92%
三菱東京UFJ銀行 東京銀行
81%
破綻 北海道拓殖銀行
69%
みずほ銀行 第一勧業銀行
62%
みずほ銀行 富士銀行
58%
りそな銀行/埼玉りそな銀行 埼玉銀行
58%
三菱東京UFJ銀行 東海銀行
50%
りそな銀行/埼玉りそな銀行 大和銀行
42%
三井住友銀行 太陽神戸銀行
38%
みずほ銀行 日本興業銀行
38%
三菱東京UFJ銀行 三和銀行
35%
破綻 日本長期信用銀行
27%
りそな銀行/埼玉りそな銀行 協和銀行
12%
三井住友銀行 太平洋銀行
4%
No matching quizzes found
Score Distribution
Percent of People with Each Score
Percentile by Number Answered
Your Score History
You have not taken this quiz